Logo BPK

Bibliografia Prac Pracowników

Politechniki Koszalińskiej

Opracowanie projektu podczyszczania ścieków wg koncepcji NR BZ-501.01/39.99 z grudnia 1999 r. oraz koordynacja dostaw urządzeń i uruchomienia instalacji układu oczyszczania ścieków / (Rekord nr 855)

Szczegóły MARC
000 -ETYKIETA REKORDU
podpole kontrolne o stałej długości 00928nam a2200205 i 4500
001 - NUMER KONTROLNY REKORDU
podpole kontrolne 855
003 - IDENTYFIKATOR NUMERU KONTROLNEGO REKORDU
podpole kontrolne KOSZ 005
005 - DATA OSTATNIEJ MODYFIKACJI REKORDU
podpole kontrolne 20171123102747.0
008 - POLE O STAŁEJ DŁUGOŚCI - DANE KONTROLNE
podpole kontrolne o stałej długości 141010s2000 pl f t |000 0 pol
040 ## - ŹRÓDŁO KATALOGOWANIA
Instytucja, która utworzyła rekord BPK
Instytucja, która dokonała modyfikacji KOSZ 005/HR
080 ## - UNIWERSALNA KLASYFIKACJA DZIESIĘTNA - UKD
UKD 628.3
100 1# - NAZWA OSOBOWA
Nazwa osobowa PIECUCH, Tadeusz.
Lata pracy 1996 - .
Instytucja Politechnika Koszalińska - Wydział Budownictwa i Inżynierii Środowiska,
Wydział Katedra Technologii Wody, Ścieków i Odpadów
245 10 - TYTUŁ/ODPOWIEDZIALNOŚĆ
Tytuł Opracowanie projektu podczyszczania ścieków wg koncepcji NR BZ-501.01/39.99 z grudnia 1999 r. oraz koordynacja dostaw urządzeń i uruchomienia instalacji układu oczyszczania ścieków /
Pozostałe elementy strefy tytułu i oznaczenia odpowiedzialności Tadeusz Piecuch i in. ; Katedra Technologii Wody, Ścieków i Odpadów Politechniki Koszalińskiej.
260 ## - STREFA ADRESU WYDAWNICZEGO
Miejsce wydania Koszalin,
Data publikacji, dystrybucji/powstania dokumentu 2000.
500 ## - UWAGI OGÓLNE
Tekst uwagi Dane z bibliografii załącznikowej.
650 #0 - HASŁO PRZEDMIOTOWE W FORMIE NAZWY OGÓLNEJ LUB JEDNOSTKOWEJ
Nazwa ogólna lub geograficzna Ścieki.
650 #0 - HASŁO PRZEDMIOTOWE W FORMIE NAZWY OGÓLNEJ LUB JEDNOSTKOWEJ
Nazwa ogólna lub geograficzna Oczyszczalnia ścieków.
655 #0 - TERMIN INDEKSOWY - OKREŚLENIE RODZAJU/FORMY DOKUMENTU
Określnie rodzaju/formy dokumentu Raport z badań
942 ## - HASŁO DODATKOWE - ELEMENTY(KOHA)
Typ dokumentu Materiały nieopublikowane
Schemat klasyfikacji Uniwersalna klasyfikacja dziesiętna
Egzemplarze
Wycofany Zagubiony Uszkodzony Dostępność Lokalizacja stała Lokalizacja bieżąca Typ dokumentu
      Dostępny Bibliografia Prac Pracowników - BPK Bibliografia Prac Pracowników - BPK Materiały nieopublikowane
© 2014 Biblioteka Politechniki Koszalińskiej :: BIBLIOGRAFIA PRAC PRACOWNIKÓW